000
00185 a2200097 4500
001
5428
100
_a
Starling,SG
245
_a
Physics
260
_a
_b
Longmans
_c
090
_c
4458
_d
4458
942
_a
NUST-CAE
_c
_c
30776
999
_c
240501
_d
240501